Reproducción asistida /

Llega el momento de hablar de un tema complejo, como lo es la fertilización o la reproducción asistida. Las técnicas que se practican en hospitales públicos, los lineamientos legales, las obras sociales y prepagas, y mucho más.

Guardado en:
Autor Principal: Cohen, Ricardo
Autor Corporativo: Canal Encuentro.
Otros Autores: Peña, Florencia; Conducción.
Formato: Deslizar
Publicado: Argentina, 2011.
Series:Maternidad, 9 meses y algo más
DVD 1
Materias:
Etiquetas: Agregar Etiqueta
Sin Etiquetas, Sea el primero en etiquetar este registro!
LEADER 01200ngm a22003375g 4500
001 CEM.cems023760
008 130507s2011##################0###0#####d
005 20250701150110.0
245 1 0 |a Reproducción asistida /  |c Ricardo Cohen. 
260 |a Argentina,  |c 2011. 
300 |a 28'. 
490 0 |a Maternidad, 9 meses y algo más 
490 1 |a DVD 1 
538 |a Soporte: DVD - Color: Si - Grabación DRD 
520 |a Llega el momento de hablar de un tema complejo, como lo es la fertilización o la reproducción asistida. Las técnicas que se practican en hospitales públicos, los lineamientos legales, las obras sociales y prepagas, y mucho más. 
500 |a Consultar en ventanilla. 
100 1 |a Cohen, Ricardo 
710 2 |a Canal Encuentro. 
700 1 |a Peña, Florencia; Conducción. 
082 6 1 |/ COH-1 
653 |a SALUD 
653 |a MATERNIDAD 
653 |a SALUD REPRODUCTIVA 
653 |a EMBARAZO 
653 |a MEDICINA 
653 |a GINECOLOGIA 
653 |a EDUCACION SEXUAL 
653 |a FERTILIZACION ASISTIDA 
653 |a REPRODUCCION ASISTIDA 
653 |a SERIE DE TELEVISIÓN 
859 |a CEMS  |b BIB. CEMS - Depto. Recursos Didacticos  |h 614  |i COH-1  |k DRD  |p 2403.15  |t Ej.1